Экология и рациональное природопользование

Dettagli Bibliografici
Ente Autore: Санкт-Петербургский государственный горный институт (технический университет)
Altri autori: Литвиненко В. С. (редактор)
Lingua:russo
Pubblicazione: СПб., Изд-во СПбГИ, 2004
Serie:Записки Горного института Т. 158
Soggetti:
Natura: Libro
KOHA link:https://koha.lib.tpu.ru/cgi-bin/koha/opac-detail.pl?biblionumber=85766

MARC

LEADER 00000nam0a2200000 4500
001 85766
005 20231031101222.0
010 |a 5942112134 
035 |a (RuTPU)RU\TPU\book\92142 
090 |a 85766 
100 |a 20051117d2004 k y0rusy50 ca 
101 0 |a rus 
102 |a RU 
105 |a a z 000zy 
200 1 |a Экология и рациональное природопользование  |f Санкт-Петербургский государственный горный институт (технический университет); под ред. В. С. Литвиненко 
210 |a СПб.  |c Изд-во СПбГИ  |d 2004 
215 |a 264 с.  |c ил. 
225 1 |a Записки Горного института  |v Т. 158 
610 1 |a экология 
610 1 |a недропользование 
610 1 |a система государственного управления 
610 1 |a Россия 
610 1 |a Карелия 
610 1 |a стратегически важное сырье 
610 1 |a переработка 
610 1 |a месторождения 
610 1 |a освоение 
610 1 |a техногенные образования 
610 1 |a утилизация 
610 1 |a окружающая среда 
610 1 |a мониторинг 
610 1 |a природные катастрофы 
610 1 |a техногенные катастрофы 
610 1 |a последствия 
610 1 |a снижение 
610 1 |a риск 
610 1 |a уменьшение 
610 1 |a сейсмическая безопасность 
610 1 |a радиоактивные отходы 
610 1 |a облученное ядерное топливо 
610 1 |a минеральные ресурсы 
610 1 |a воспроизводство 
610 1 |a геолого-разведочные работы 
610 1 |a прогнозирование 
610 1 |a население 
610 1 |a природные ресурсы 
610 1 |a вторичные ресурсы 
610 1 |a глубокая переработка 
610 1 |a оборудование 
610 1 |a лесные ресурсы 
675 |a 504.062  |v 3 
702 1 |a Литвиненко  |b В. С.  |4 340 
712 0 2 |a Санкт-Петербургский государственный горный институт (технический университет) 
801 1 |a RU  |b 63413507  |c 20051117  |g PSBO 
801 2 |a RU  |b 63413507  |c 20091016  |g PSBO 
900 |a Рациональное природопользование 
942 |c BK